Le pudding à l'arsenic - Statistiques

Statistiques générales
  • Ce quiz a été pris 159 fois
  • Le résultat moyen est 7 sur 15
Réponses sur la Carte
Les réponses sont colorées sur une échelle allant du rouge au vert en fonction du pourcentage des utilisateurs qui les ont devinées à leur premier essai. Vous pouvez retrouver ces pourcentages ci-dessous.
 
Statistiques - réponses
Réponse % Correct
2 Quartiers d'{orange}
79%
De la bave de {sangsue}
59%
Venin de {cobra}
59%
Vitriol
59%
Arsenic
57%
Un bon verre de {pétrole}
53%
Un {scorpion}
44%
Sang de {lézard}
42%
Mort-aux-rats
40%
Quelque goutte {ciguë}
38%
Un verre de {narcotique}
35%
Trois cuillères de {purgatif}
34%
Morphine
31%
1 grand bol de {strychnine}
22%
Fruits confits
20%
Aucun quiz correspondant
Distribution des résultats
% des personnes avec chaque résultat
Percentile par nombre de réponses
Votre historique - résultats
Vous n’avez pas pris ce quiz